| 000 | 00885nam a2200277 a 4500 | ||
|---|---|---|---|
| 001 | 000023326 | ||
| 005 | 20260114124842.0 | ||
| 008 | 101202s1999 sp a 000 0 spa d | ||
| 020 | _a8427712820 | ||
| 082 |
_a242 _bM236m |
||
| 100 | 1 |
_aMalabia, Vicente. _948041 |
|
| 245 | 1 | 0 |
_aMeditaciones de un peregrino / _cVicente Malabia ; prólogo de José Ignacio Díaz. |
| 260 |
_aMadrid : _bNarcea, _c1999. |
||
| 300 |
_a114 p. : _bil. ; _c19 cm. |
||
| 490 | 1 | _aCuadernos Narcea | |
| 650 | 0 |
_aMeditaciones _95988 |
|
| 650 | 4 |
_aPeregrinaciones _948042 |
|
| 650 | 4 |
_aPeregrinaciones cristianas _948043 |
|
| 650 | 4 |
_aPalabra de dios (teología) _xMeditaciones _948044 |
|
| 610 | 1 | 4 |
_aMALABIA, VICENTE _948045 |
| 650 | 4 |
_aSacramentos _xMeditaciones _948046 |
|
| 700 | 1 |
_aDíaz, José Ignacio, _epról. _948047 |
|
| 830 | 0 |
_aCuadernos Narcea _948048 |
|
| 049 | _aBNGR | ||
| 999 |
_c22823 _d22823 |
||
| 040 | _aDO-SdBNP | ||